000 00626nam a2200181Ia 4500
008 090124s9999 xx 000 0 und d
082 _b108007
100 _aमहाजन राजा (महाजन जगन्नाथ विठ्ठल )
245 _a डहाळी
250 _a1
260 _c1960
300 _a71
600 _aमहाजन राजा (महाजन जगन्नाथ विठ्ठल )
630 _a डहाळी
700 _aमहाजन राजा (महाजन जगन्नाथ विठ्ठल )
730 _a डहाळी
942 _cBOOK
999 _c154098
_d154098